000
00272nam a2200121Ia 4500
008
190216s9999||||xx |||||||||||||| ||und||
100
_a
Rabindranath Tagore
245
4
_a
The Wreck
260
_b
Macmillan
_c
1980
300
_a
414p
650
_a
English Novel
942
_c
BK
999
_c
12503
_d
12503